Elements of applied mathematics (Record no. 7712)

MARC details
000 -LEADER
fixed length control field 00499nam a2200169Ia 4500
003 - CONTROL NUMBER IDENTIFIER
control field IN-BaIIA
008 - FIXED-LENGTH DATA ELEMENTS--GENERAL INFORMATION
fixed length control field 211028s9999 xx 000 0 eng d
040 ## - CATALOGING SOURCE
Transcribing agency IIA Library
080 ## - UNIVERSAL DECIMAL CLASSIFICATION NUMBER
Universal Decimal Classification number 51
Item number ZEL
100 ## - MAIN ENTRY--PERSONAL NAME
Personal name Zeldovich Ya. B.
9 (RLIN) 6800
245 #0 - TITLE STATEMENT
Title Elements of applied mathematics
Statement of responsibility, etc. Ya. B. Zeldovich and A. D. Myskis; translated by George Yankovsky
260 ## - PUBLICATION, DISTRIBUTION, ETC.
Place of publication, distribution, etc. Moscow
Name of publisher, distributor, etc. MIR Publishers
Date of publication, distribution, etc. 1976
300 ## - PHYSICAL DESCRIPTION
Extent 656p.
500 ## - GENERAL NOTE
General note Donated by Mrs. Bappu
650 ## - SUBJECT ADDED ENTRY--TOPICAL TERM
Topical term or geographic name entry element Applied Mathematics
9 (RLIN) 1718
942 ## - ADDED ENTRY ELEMENTS (KOHA)
Koha item type Books
Holdings
Withdrawn status Lost status Damaged status Not for loan Home library Current library Shelving location Date acquired Total Checkouts Full call number Barcode Date last seen Price effective from Koha item type
        IIA Library-Bangalore IIA Library-Bangalore General Stacks 26/07/1983   51/ ZEL 8527 05/11/2021 26/07/1983 Books

Powered by Koha